| 000 | 00638nam a2200217Ia 4500 | ||
|---|---|---|---|
| 003 | OSt | ||
| 005 | 20220925211551.0 | ||
| 006 | a|||||r|||| 00| 0 | ||
| 007 | ta | ||
| 008 | 220923b |||||||| |||| 00| 0 eng d | ||
| 037 | _cGeneral Book | ||
| 040 |
_aRTL _cRTL _beng |
||
| 041 |
_2eng _aeng |
||
| 082 | _az.213.N74-N69, L4/GD | ||
| 245 | 0 |
_aForth five year plan _b Fifth year programme 1974. |
|
| 260 |
_aKerala _bGovt. of Kerala _c1974 |
||
| 300 |
_ax,289p. _ccm. |
||
| 500 | _aStatements and brief description of programme | ||
| 942 |
_hz.213.N74-N69, L4/GD _cGB _2CC |
||
| 999 |
_c558074 _d558074 |
||